000
00274nam a22001337a 4500
008
170419b xxu||||| |||| 00| 0 eng d
020
_a
086720928
041
_a
eng
080
_a
573
100
_a
11
101
_a
SHM
245
_a
CELLS
_c
PRESCOTT, D.M
942
_2
udc
_c
BK
999
_c
11219
_d
11219